000 00535nam a22001697a 4500
999 _c166880
_d166880
010 _aENG-126160
020 _a978-93-85606-22-9
_c275.00
035 _aEN-109692
037 _bDBAD/PUB
082 _a303.4
245 _aSingle By Choice:
_cedited by Kalpana Sharma
_bHappily unmarried Women/
260 _aNew Delhi
_bWomen Unlimited
_c2019
270 _a7/10,First Floor, Sarvapriya Vihar
_bNew Delhi
_e110016
300 _avi151p.
_c22cm(pbk)
_bill
700 _aKalpana Sharma
942 _2ddc
_cEN
_h303.4
_mSIN